期刊信息 |
| 索取号 |
J8/TDR
|
| 题名 |
the drama review
|
| 作者 |
Tisch School of the Arts, New York University.
|
| 分册号 |
|
| 分册名 |
|
| 出版地 |
Cambridge, MA.
|
| 出版者 |
MIT Press for the New York University/Tisch School of Arts
|
| 标准刊号 |
0012-5962
|
| 出版频率 |
季刊
|
| 中图法分类 |
J8
|
| 主题词 |
戏剧 艺术; 戏剧
|
| 电子资源 | |
| |
|
| 000 | 00661nas0 2200217 45 | |
| 001 | 0762474953 | |
| 005 | 20070524172536.00 | |
| 011 | @a0012-5962 | |
| 100 | @a20070524d km y0chiy0120 ea | |
| 101 | 0 | @aeng |
| 200 | 1 | @athe drama review@fTisch School of the Arts, New York University. |
| 210 | @aCambridge, MA.@cMIT Press for the New York University/Tisch School of Arts | |
| 300 | @aTitle from cover. Magazine index.Abstracts of English studies | |
| 326 | @a季刊 | |
| 606 | 0 | @a戏剧@x艺术 |
| 606 | 0 | @a戏剧 |
| 690 | @aJ8@v4 | |
| 701 | 0 | @aTisch School of the Arts |
| 701 | 0 | @aNew York University. |
| 801 | 0 | @aCN@bPFT@c20070524 |
| 905 | @aTJWY@dJ8@eTDR | |
| the drama review/Tisch School of the Arts, New York University.-Cambridge, MA.:MIT Press for the New York University/Tisch School of Arts |
| Title from cover. Magazine index.Abstracts of English studies |
| ISSN 0012-5962 |
| ● |
| 相关链接: |
|
|
|
|